Linie Autobusowe Przemyśla - Statystyki

Ogólne statystyki
  • Ten quiz został rozwiązany 44 razy
  • Średni wynik to 10 z 16
Statystyki odpowiedzi
Linia Przystanek początkowy Przystanek Końcowy % Poprawnych
2 Lwowska MZK Szpital Wojewódzki
89%
10 Lwowska MZK Szpital Wojewódzki
89%
16 Słowackiego PGK | Nehrybka Szpital Wojewódzki
89%
18 Rosłońskiego | Prałkowce Szpital Wojewódzki
89%
12 Ofiar Katynia | Lwowska Hureczko Os. Kmiecie | Ostrów
74%
1 Lwowska MZK Os. Kmiecie | Ostrów | Bełwin I Wapowce
74%
4 Stanisławczyk Os. Rycerskie | Wilczańska
70%
20 Ofiar Katynia | Rożubowice Os. Kazanów | Ujkowice
63%
38 Os. Rycerskie Ofiar Katynia
56%
24 Lwowska MZK Os. Rycerskie
56%
28 Zielonka Os. Rycerskie
56%
25 Os. Rycerskie Sielecka | Młynarska
56%
27 Młynarska | Sielecka Os. Kazanów
44%
8 Witoszyńce Wilczańska
44%
5 Lwowska MZK Wysockiego | Ujkowice
44%
3 Obozowa | Nehrybka Buszkowiczki
37%
Nie znaleziono quizów pasujących do podanych kryteriów
Rozkład punktacji
Procent ludzi z każdym wynikiem
Percentyl według liczby udzielonych odpowiedzi
Twoja historia wyników
Nie rozwiązałeś tego quizu